000 00298nam a22001097a 4500
999 _c4115
_d4115
008 250121b ||||| |||| 00| 0 eng d
020 _a9781482459685
082 _a578 SPI
100 _aRICHARDS SPILSBURY
_eSPILSBURY,RICHARDS
245 _aAT THE POLES
942 _2ddc
_h578 SPI